| 000 | 00853nmm a2200265 a 4500 | ||
|---|---|---|---|
| 001 | ocm0002347618 | ||
| 003 | TR-IsHL | ||
| 005 | 20201028185017.0 | ||
| 008 | 190829s2019 tu tur | ||
| 007 | cr cn | ||
| 020 | _a9786058122581 | ||
| 035 |
_a2347618 _b(N$T) |
||
| 050 | 0 | 4 |
_aPL248.C355 _bN4 2019 |
| 090 | 0 | 4 |
_aPL248.C355 _bN4 2019 |
| 100 | 1 | _aÇakıroğlu, Zehra | |
| 245 | 1 | 0 |
_aNereden çıktı bu deyimler _h[electronic resource] / _cZehra Çakıroğlu |
| 260 |
_aİstanbul : _b, _c2019 |
||
| 300 | _a81 p. | ||
| 650 | 4 | _aDil ve Edebiyat | |
| 650 | 4 | _aLanguage and Literature | |
| 650 | 0 | _aÇocuk edebiyatı, Türk | |
| 650 | 0 | _aChildren literature, Turkish | |
| 650 | 7 |
_aLITERARY COLLECTIONS / Middle Eastern _2bisacsh |
|
| 856 | 4 | 0 | _uhttp://search.ebscohost.com/login.aspx?direct=true&scope=site&db=e011xww&AN=2347618 |
| 999 |
_c21267 _d21267 |
||